000 00585nam a2200181Ia 4500
008 090124s9999 xx 000 0 und d
082 _b101466
100 _aगुर्जर वि. सि. (विठ्ठल सिताराम)
245 _a अंजन
250 _a1
260 _c1937
300 _a125
600 _aगुर्जर वि. सि. (विठ्ठल सिताराम)
630 _a अंजन
700 _aगुर्जर वि. सि. (विठ्ठल सिताराम)
730 _a अंजन
942 _cBOOK
999 _c147558
_d147558